| 000 | 00787nam a22002537a 4500 | ||
|---|---|---|---|
| 999 |
_c4773 _d4773 |
||
| 001 | 14757 | ||
| 003 | BD-DhUAP | ||
| 005 | 20201212141720.0 | ||
| 008 | 201121s2009 ii a 001 0 eng d | ||
| 020 | _a9788131723258 | ||
| 040 |
_aBD-DhUAP _bEng _cBD-DhUAP _dBD-DhUAP |
||
| 082 | 0 | 0 |
_223 _a543.1 VOG |
| 100 | _aVogel, Arthur Israel. | ||
| 245 |
_aVogel's textbook of quantitative chemical analysis / _cArthur Israel Vogel ; revised by J. Mendham ...[et al.]. |
||
| 250 | _a6th ed. | ||
| 260 |
_aDelhi : _bPearson, _cc2009. |
||
| 300 |
_axxix, 790 pages : _billustrations ; _c23 cm. |
||
| 500 | _aIncludes index. | ||
| 650 |
_aChemistry, Analytic _xQuantitative. |
||
| 700 | _aMendham, J. | ||
| 942 |
_2ddc _cBK |
||